000 00418pam a2200157 a 4500
020 _a9781416052791
_c
041 _h
082 _a617.3
_bWOL
100 _aWOLFE S.W., HOTCHKISS R.N., PEDERSON W.S.
245 _aGREEN`S OPERATIVE HAND SURGERY VOL.1 + ONLINE
_hTextual Documents
250 _a6.
260 _bCHURCHILL LIVING STONE
_c2011
300 _a1092, 1-60:
_bXVI;
_cHB.
930 _a5503
999 _c800030
_d800030
650 _aORTHO